Statistics for Happiest Countries In The World

Click here to take the quiz!

General Stats

  • This quiz has been taken 20 times
  • The average score is 18 of 25

Answer Stats

Happiness ScoreCountry% Correct
7.821Finland
100%
7.384Sweden
95%
7.365Norway
89%
6.943United Kingdom
89%
6.977United States
89%
7.162Australia
84%
7.025Canada
84%
7.636Denmark
84%
7.034Germany
84%
7.415Netherlands
84%
6.805Belgium
79%
6.687France
79%
7.512Switzerland
79%
7.163Austria
74%
7.557Iceland
74%
7.041Ireland
74%
7.200New Zealand
74%
7.404Luxembourg
68%
6.630Slovenia
68%
6.920Czech Republic
63%
7.364Israel
47%
6.576United Arab Emirates
47%
6.582Costa Rica
37%
6.523Saudi Arabia
32%
6.647Bahrain
26%

Score Distribution

Percentile by Number Answered

Percent of People with Each Score

Your Score History

You have not taken this quiz